| 000 | 00500cam a22001457a 4500 | ||
|---|---|---|---|
| 008 | 180718b1974 xxu||||| |||| 00| 0 eng d | ||
| 082 | _aB262x54 D642 | ||
| 100 | _aSingh, Diwakar Prasad | ||
| 245 |
_aAmerican attitude towards the Indian nationalist movement _cby Diwakar Prasad Singh |
||
| 260 |
_aDelhi _bMunshiram Monoharlal _c1974 |
||
| 300 | _a362p. | ||
| 650 | _aIndia --Foreign relations --United States. | ||
| 650 | _aUnited States --Foreign relations --India | ||
| 650 | _aNationalism --India | ||
| 999 |
_c343641 _d343641 |
||